000
00339nam a2200145Ia 4500
008
230718s9999 xx 000 0 und d
041
_a
Eng.
082
_a
346.54
_b
REH-T
100
_a
Rehman, Roja Abdue
245
4
_a
the legal practiones
260
_a
Pakistan
_b
Low book fablin
_c
2009
300
_a
402
650
_a
Law
999
_c
29168
_d
29168